000 00369nam a2200133Ia 4500
008 210430s9999 xx 000 0 und d
082 _a620.5 C569 N
100 _aFOSTER,LYNN E
_954443
245 4 _aThe Nanotechnology Opportunity Report Vol 1
_cFOSTER,LYNN E
250 _a2nd ed
260 _aNetherland
_bCientifica Ltd
_c2003
300 _a254p.
942 _cBK
_2ddc
999 _c565473
_d565473